| 000 | 00933nam a2200241 a 4500 | ||
|---|---|---|---|
| 008 | 120416s1992 ||||||||||||||||| || u | ||
| 020 | _a0256086915 | ||
| 050 | _aHD 62.5 His | ||
| 100 | _aHisrich, Robert D | ||
| 245 | 1 | 0 | _aEntrepreneurship (2nd Ed.) |
| 246 | _astarting developing, and managing a new enterprise | ||
| 250 | _a2nd ed. | ||
| 260 |
_aHomewood, Ill. _bIrwin _c1992 |
||
| 300 | _axix, 641p. : ill. | ||
| 350 | _a0.00 | ||
| 500 | _aIncludes bibliographical references and index. | ||
| 650 | 0 | _aNEW BUSINESS ENTERPRISES--MANAGEMENT | |
| 650 | 0 | _aBUSINESS | |
| 650 | 0 | _aENTREPRENEURSHIP | |
| 700 | _aPeters, Michael P | ||
| 995 |
_aBINDERY (DAMAGED) _D0.00 _e724915 _FCBU-MAIN LIBRARY (Kitwe) _H2 _I23.95 _jHD 62.5 His _M2 _UDAMAGED _y003902 _ZMain Library Open Access Collection |
||
| 995 |
_aSHORT LOAN BOOKS _D0.00 _e724914 _FCBU-MAIN LIBRARY (Kitwe) _H1 _I23.95 _jHD 62.5 His _M1 _UAVAILABLE _y003901 _ZShort Loan Collection |
||
| 999 |
_c62707 _d62707 |
||